3 Decades of the Nigerian Civil Service (Record no. 2452)

MARC details
000 -LEADER
fixed length control field 00343nam a22001337a 4500
008 - FIXED-LENGTH DATA ELEMENTS--GENERAL INFORMATION
fixed length control field 250319b |||||||| |||| 00| 0 eng d
020 ## - INTERNATIONAL STANDARD BOOK NUMBER
ISBN 9783098209
100 ## - MAIN ENTRY--AUTHOR
Author UJO, Abdulhameed
245 ## - TITLE STATEMENT
Title 3 Decades of the Nigerian Civil Service
260 ## - PUBLICATION, DISTRIBUTION, ETC. (IMPRINT)
Place of publication Abuja
Name of publisher Adema Publishers
Date of publication 1990
300 ## - COLLATION
Pagination ix, 307p.
942 ## - ADDED ENTRY ELEMENTS (KOHA)
Item type Books
050 ## - LIBRARY OF CONGRESS CALL NUMBER
Classification number JQ3092
Item number .D43
Holdings
Source of classification or shelving scheme Not for loan Permanent location Current location Date acquired Accession No. Full call number Barcode. Koha item type
Library of Congress Classification   Samuel Ogbemudia Main Library, University of Abuja Samuel Ogbemudia Main Library, University of Abuja 03/19/2025 2008/37821 JQ3092.D43 2025-0721 Books